LEADER 01070nam--2200337---450- 001 990005791170203316 005 20121221090958.0 010 $a3-16-145386-7 035 $a000579117 035 $aUSA01000579117 035 $a(ALEPH)000579117USA01 035 $a000579117 100 $a20121221d1983----km-y0itay50------ba 101 $aeng 102 $aDE 105 $a||||||||001yy 200 1 $aApocalypticism in the Mediterranean world and the Near East$eproceedings of the international colloquium on Apocalypticism$eUpsala, August 12-17, 1979$fedited by David Hellholm 205 $a2. ed 210 $aTubingen$cMohr$d1983 215 $aXI, 878 p.$c1 ritr.$d24 cm 606 0 $aEscatologia$xAtti di congressi$2BNCF 676 $a236 702 1$aHELLHOLM,$bDavid 801 0$aIT$bsalbc$gISBD 912 $a990005791170203316 951 $aXV.8. 618$b223183 L.M.$cXV.8. 959 $aBK 969 $aFSO 979 $aIANNONE$b90$c20121221$lUSA01$h0909 996 $aApocalypticism in the Mediterranean world and the Near East$91081164 997 $aUNISA